[Event "Torino Sada op"]
[Site "Torino"]
[Date "2012.10.29"]
[Round "7"]
[White "Licordari, Guido"]
[Black "Giacchino, Claudio"]
[Result "1-0"]
[WhiteElo "1811"]
[BlackElo "1664"]
[PlyCount "61"]
[EventDate "2012.09.17"]
[EventType "swiss"]
[EventRounds "7"]
[EventCountry "ITA"]
[SourceTitle "EXT 2018"]
[Source "ChessBase"]
[SourceDate "2017.10.13"]
[SourceVersion "1"]
[SourceVersionDate "2017.10.13"]
[SourceQuality "1"]

1. e4 e6 2. d4 d5 3. e5 c5 4. Nf3 Nc6 5. Be3 cxd4 6. Bxd4 Bd7 7. c3 Nge7 8. Bd3 Nxd4 9. Nxd4 Qc7 10. f4 Qb6 11. Qe2 Nf5 12. Nxf5 exf5 13. Qc2 Qe3+ 14. Qe2 Qxf4 15. Nd2 g6 16. g3 Qg5 17. 0-0-0 Bg7 18. Kb1 0-0 19. Nf3 Qe7 20. Rhe1 Rfe8 21. Bb5 Bc6 22. Bd3 b5 23. Nd4 Bd7 24. Nxb5 Bxe5 25. Nc7 Bxc7 26. Qxe7 Rxe7 27. Rxe7 Rd8 28. Bb5 Bxb5 29. Rxc7 a6 30. Rc5 Bc4 31. Rxc4 1-0

[Event "Torino Sada op"]
[Site "Torino"]
[Date "2012.09.17"]
[Round "1"]
[White "Stanca, Claudio"]
[Black "Licordari, Guido"]
[Result "0-1"]
[WhiteElo "1440"]
[BlackElo "1811"]
[PlyCount "66"]
[EventDate "2012.09.17"]
[EventType "swiss"]
[EventRounds "7"]
[EventCountry "ITA"]
[SourceTitle "EXT 2018"]
[Source "ChessBase"]
[SourceDate "2017.10.13"]
[SourceVersion "1"]
[SourceVersionDate "2017.10.13"]
[SourceQuality "1"]

1. e4 e5 2. Nf3 Nc6 3. Bc4 Bc5 4. Nc3 Nf6 5. d3 h6 6. a3 a5 7. h3 d6 8. Be3 Bxe3 9. fxe3 0-0 10. d4 Qe7 11. Nh4 Nxe4 12. Ng6 Qg5 13. Nxe4 Qxg6 14. Qd3 Bf5 15. Bd5 exd4 16. g4 Ne5 17. Nf6+ gxf6 18. Qxf5 Qxf5 19. gxf5 c6 20. Bg2 dxe3 21. Rg1 Kh7 22. 0-0-0 d5 23. Rge1 Nc4 24. b3 Nxa3 25. Rxe3 a4 26. b4 Nc4 27. Rg3 a3 28. Kb1 Rfe8 29. b5 a2+ 30. Ka1 Re2 31. Bf3 Rxc2 32. h4 Nd2 33. h5 Nb3# 0-1

[Event "Torino Sada op"]
[Site "Torino"]
[Date "2011.09.19"]
[Round "1"]
[White "De Barberis, Massimo"]
[Black "Licordari, Guido"]
[Result "1-0"]
[WhiteElo "2093"]
[BlackElo "1811"]
[PlyCount "57"]
[EventDate "2011.09.19"]
[EventType "swiss"]
[EventRounds "7"]
[EventCountry "ITA"]
[SourceTitle "EXT 2018"]
[Source "ChessBase"]
[SourceDate "2017.10.13"]
[SourceVersion "1"]
[SourceVersionDate "2017.10.13"]
[SourceQuality "1"]

1. e4 c5 2. Nf3 d6 3. c3 Nf6 4. Bb5+ Bd7 5. Qe2 a6 6. Bxd7+ Nbxd7 7. d4 cxd4 8. cxd4 e6 9. Nc3 Be7 10. e5 dxe5 11. dxe5 Nd5 12. Nxd5 exd5 13. 0-0 0-0 14. Rd1 Nb6 15. Be3 Nc4 16. Bd4 Re8 17. Qd3 Rc8 18. Bc3 Rc5 19. b3 Nb6 20. Bd4 Rb5 21. Rac1 Ba3 22. Rc2 Re6 23. Qf5 h6 24. h4 Nd7 25. Rd3 Nc5 26. Rdc3 b6 27. Bxc5 bxc5 28. Nd4 Bb4 29. Nxe6 1-0